000 01057cad a22002055a 4500
001 L152187
008 110208s2011 xxk f 000 0 eng d
035 _a(Sirsi) u152187
041 0 _aeng
110 2 _aUnited Kingdom
_bDepartment for Communities and Local Government
_94939
245 0 0 _aProposals to introduce a community right to buy assets of community value
_bconsultation paper
_h[electronic resource]
260 _aLondon
_bDCLG
_c2011
520 _aSets out provisions in the Localism Bill for communities who wish to purchase assets of community value. Seeks views on how the scheme should be delivered and also what type of support and guidance should be provided. The consultation closes on 3 May 2011.
590 _aKA
650 2 4 _aDECENTRALISATION AND LOCALISM BILL
651 4 _aEngland and Wales
_y1543-
690 _aENVIRONMENT AND LAND CONSULTANCY-PLANNING AND DEVELOPMENT
856 4 0 _uhttps://www.communities.gov.uk/documents/localgovernment/pdf/1835775.pdf
_zView the item free of charge at www.communities.gov.uk
942 _n0
999 _c111914
_d111914